CONSERVATION , CULTIVATION AND EXPLGRATION OF THERAPEUTICS POTENTIAL OF MEDICINAL PLANTS (Record no. 34695)

MARC details
000 -LEADER
fixed length control field 00498nam a22001697a 4500
003 - CONTROL NUMBER IDENTIFIER
control field SGT
020 ## - INTERNATIONAL STANDARD BOOK NUMBER
International Standard Book Number 9789383864034
082 ## - DEWEY DECIMAL CLASSIFICATION NUMBER
Classification number 615.53
Item number C14K
100 ## - MAIN ENTRY--PERSONAL NAME
Personal name KUMAR, ABHIMANYU
245 ## - TITLE STATEMENT
Title CONSERVATION , CULTIVATION AND EXPLGRATION OF THERAPEUTICS POTENTIAL OF MEDICINAL PLANTS
250 ## - EDITION STATEMENT
Edition statement 1ST
260 ## - PUBLICATION, DISTRIBUTION, ETC. (IMPRINT)
Place of publication, distribution, etc NEW DELHI
Name of publisher, distributor, etc CCRAS
Year of Publication 2014
300 ## - PAGE DESCRIPTION
No. of Pages 514
650 ## - SUBJECT ADDED ENTRY--TOPICAL TERM
Topical term or geographic name as entry element AYURVEDA
653 ## - KEYWORDS--INDEX TERM
Keyword term CONSERVATION , CULTIVATION , EXPLGRATION, THERAPEUTICS, POTENTIAL, MEDICINAL, PLANTS
942 ## - ADDED ENTRY ELEMENTS (KOHA)
Source of classification or shelving scheme Dewey Decimal Classification
Koha item type Books
Holdings
Withdrawn status Lost status Source of classification or shelving scheme Damaged status Use restrictions Not for loan Collection code Home library Current library Shelving location Date acquired Vendor Name Cost, normal purchase price SGTU Bill Number Total Checkouts Full call number Accession No. (Barcode) Date last seen Bill Date Koha item type
    Dewey Decimal Classification   Restricted Access   AYURVEDA SGT FA-FP Library SGT FA-FP Library Reference Book 29/04/2026 ABC PVT. LTD. 670.00 SGTU 22873   615.53 C14K FA13368 29/04/2026 10/04/2026 Books
    Dewey Decimal Classification   Restricted Access   AYURVEDA SGT FA-FP Library SGT FA-FP Library Reference Book 29/04/2026 ABC PVT. LTD. 670.00 SGTU 22873   615.53 C14K FA13369 29/04/2026 10/04/2026 Books